Fundamentals of Photonics / (Record no. 5039)
[ view plain ]
| 000 -LEADER | |
|---|---|
| fixed length control field | 01722nac a22003251u 4500 |
| 008 - FIXED-LENGTH DATA ELEMENTS--GENERAL INFORMATION | |
| fixed length control field | 100301t xxu||||| |||| 00| 0 eng d |
| 010 ## - LIBRARY OF CONGRESS CONTROL NUMBER | |
| LC control number | 90044694 |
| 020 ## - INTERNATIONAL STANDARD BOOK NUMBER | |
| International Standard Book Number | 0471358320 |
| 020 ## - INTERNATIONAL STANDARD BOOK NUMBER | |
| International Standard Book Number | 9780471358329 |
| 082 00 - DEWEY DECIMAL CLASSIFICATION NUMBER | |
| Classification number | 621.36 |
| Item number | SAL |
| 100 ## - MAIN ENTRY--PERSONAL NAME | |
| Personal name | Saleh, Bahaa E. A., |
| 9 (RLIN) | 12053 |
| 245 10 - TITLE STATEMENT | |
| Title | Fundamentals of Photonics / |
| Statement of responsibility, etc | Bahaa E.A. Saleh, Malvin Carl Teich. |
| 250 ## - EDITION STATEMENT | |
| Edition statement | 2nd ed. |
| 260 ## - PUBLICATION, DISTRIBUTION, ETC. (IMPRINT) | |
| Place of publication, distribution, etc | New York : |
| Name of publisher, distributor, etc | Wiley, |
| Date of publication, distribution, etc | c2007. |
| 300 ## - PHYSICAL DESCRIPTION | |
| Extent | xviii, 1177 p. : |
| Other physical details | ill. ; |
| Dimensions | 26 cm. |
| 440 #0 - | |
| -- | Wiley series in pure and applied optics |
| -- | 12054 |
| 500 ## - GENERAL NOTE | |
| General note | "A Wiley-Interscience publication." |
| 500 ## - GENERAL NOTE | |
| General note | Includes Index. |
| 504 ## - BIBLIOGRAPHY, ETC. NOTE | |
| Bibliography, etc | Includes bibliographical references and index. |
| 650 #0 - SUBJECT ADDED ENTRY--TOPICAL TERM | |
| Topical term or geographic name as entry element | Photonics. |
| 9 (RLIN) | 12055 |
| 700 1# - ADDED ENTRY--PERSONAL NAME | |
| Personal name | Teich, Malvin Carl. |
| 9 (RLIN) | 12056 |
| 856 42 - ELECTRONIC LOCATION AND ACCESS | |
| Materials specified | Contributor biographical information |
| Uniform Resource Identifier | <a href="http://www.loc.gov/catdir/bios/wiley042/90044694.html">http://www.loc.gov/catdir/bios/wiley042/90044694.html</a> |
| 856 42 - ELECTRONIC LOCATION AND ACCESS | |
| Materials specified | Publisher description |
| Uniform Resource Identifier | <a href="http://www.loc.gov/catdir/description/wiley034/90044694.html">http://www.loc.gov/catdir/description/wiley034/90044694.html</a> |
| 856 42 - ELECTRONIC LOCATION AND ACCESS | |
| Materials specified | Table of Contents |
| Uniform Resource Identifier | <a href="http://www.loc.gov/catdir/toc/onix05/90044694.html">http://www.loc.gov/catdir/toc/onix05/90044694.html</a> |
| 942 ## - ADDED ENTRY ELEMENTS (KOHA) | |
| Item type | Book - Borrowing |
| Call number prefix | 621.36SAL |
| Source of classification or shelving scheme | Dewey Decimal Classification |
| Withdrawn status | Item status | Damaged status | Not for loan | Home library | Current library | Shelving location | Date acquired | Source of acquisition | Total Checkouts | Total Renewals | Full call number | Barcode | Checked out | Date last seen | Date last borrowed | Koha item type | Source of classification or shelving scheme | Vendor |
|---|---|---|---|---|---|---|---|---|---|---|---|---|---|---|---|---|---|---|
| Central Library | Central Library | First floor | 07/10/2010 | Purchase | 4 | 13 | 621.36 SAL | 000006321 | 23/12/2023 | 28/01/2015 | 28/01/2015 | Book - Borrowing | ||||||
| Central Library | Central Library | First floor | 01/03/2010 | 4 | 110 | 621.36 SAL | 000019849 | 15/07/2025 | 16/07/2017 | Book - Borrowing | Dewey Decimal Classification | Baccah | ||||||
| Central Library | Central Library | First floor | 01/03/2010 | 621.36 SAL | 000019850 | 15/07/2025 | NB - Book (Non borrowing) | Dewey Decimal Classification | Baccah | |||||||||
| Central Library | Central Library | First floor | 11/04/2012 | 4 | 26 | 621.36 SAL | 000026580 | 15/07/2025 | 20/10/2019 | Book - Borrowing | Dewey Decimal Classification | Baccah |